| 000 | 01087nam a22002537a 4500 | ||
|---|---|---|---|
| 005 | 20110830103322.0 | ||
| 010 | _aG-001092 | ||
| 020 |
_c30.00 _a978190545372 |
||
| 035 | _aG-001092 | ||
| 037 |
_bउपहार _a |
||
| 082 | _a374.012 | ||
| 100 |
_aराहुल _933970 |
||
| 245 |
_aसंकल्पः साक्षरता-सन्दर्भ / _cराहुल _b |
||
| 260 |
_aदिल्ली _bनवशिला प्रकाशन _c2009 |
||
| 270 |
_aए-75, श्रीराम कालोनी, निलोठी एक्स, नांगलोई _bदिल्ली _c _k |
||
| 300 |
_a24पृ _c21 सेमी (अजिल्द) _bसचित्र |
||
| 500 | _a | ||
| 650 |
_a _933971 |
||
| 650 |
_a _933972 |
||
| 700 |
_a _933649 |
||
| 942 |
_adpl _cCH _2ddc _mराहुल _h374.012 |
||
| 999 |
_c56088 _d56088 |
||